[Event "SVK-ch U2400"]
[Site "Liptovsky Jan"]
[Date "2025.06.15"]
[Round "7"]
[White "Holly, Andrej"]
[Black "Solcan, Martin"]
[Result "0-1"]
[WhiteElo "2188"]
[BlackElo "2239"]
[PlyCount "102"]
[EventDate "2025.06.12"]
[EventType "swiss"]
[EventRounds "8"]
[EventCountry "SVK"]
[SourceTitle "CB25_2025"]
[SourceDate "2025.06.18"]
[SourceVersion "1"]
[SourceVersionDate "2025.06.18"]
[SourceQuality "1"]

1. e4 c5 2. Nf3 g6 3. d4 cxd4 4. Nxd4 Nc6 5. c4 Nf6 6. Nc3 d6 7. Be2 Nxd4 8. Qxd4 Bg7 9. 0-0 0-0 10. Qd3 a5 11. Be3 a4 12. Bd4 Nd7 13. Bxg7 Kxg7 14. b4 axb3 15. axb3 Nc5 16. Qc2 Be6 17. b4 Nd7 18. Rxa8 Qxa8 19. f4 Qa7+ 20. Kh1 f6 21. Nd5 Bxd5 22. exd5 Qd4 23. Qc1 Ra8 24. Rd1 Qf2 25. Qd2 Ra3 26. Rf1 Qe3 27. Qd1 Qb3 28. Qd4 Qxb4 29. Qe4 Kf8 30. Bg4 Nc5 31. Qe2 Nd3 32. Be6 Qb2 33. Qxb2 Nxb2 34. g4 Nxc4 35. Rc1 b5 36. Rb1 Ra5 37. h4 Na3 38. Rb3 Ke8 39. h5 Ra4 40. h6 b4 41. Bg8 Nc2 42. Rb2 Nd4 43. Bxh7 Kf7 44. f5 g5 45. Bg6+ Kf8 46. Kg2 b3 47. Kg3 Ra2 48. Rb1 b2 49. h7 Kg7 50. Re1 Ra7 51. Rh1 Kh8 0-1

[Event "SVK-chT rapid"]
[Site "Poprad"]
[Date "2025.05.04"]
[Round "4.10"]
[White "Solcan, Martin"]
[Black "Tropp, Oliver"]
[Result "0-1"]
[WhiteElo "2216"]
[BlackElo "2148"]
[PlyCount "98"]
[EventDate "2025.05.04"]
[EventType "team-swiss (rapid)"]
[EventRounds "7"]
[EventCountry "SVK"]
[SourceTitle "CB19_2025"]
[SourceDate "2025.05.07"]
[SourceVersion "1"]
[SourceVersionDate "2025.05.07"]
[SourceQuality "1"]

1. e4 e6 2. d4 d5 3. Nc3 Bb4 4. e5 c5 5. a3 Bxc3+ 6. bxc3 Qa5 7. Qd2 Qa4 8. Nf3 c4 9. h4 Nc6 10. h5 h6 11. Rh4 Bd7 12. Rg4 Rh7 13. Be2 0-0-0 14. Qf4 f6 15. Qg3 Qxc2 16. Bd2 fxe5 17. dxe5 Nge7 18. Nh4 Nf5 19. Nxf5 Qxf5 20. Rxg7 Rxg7 21. Qxg7 Nxe5 22. Qxh6 Nd3+ 23. Bxd3 Qxd3 24. Qe3 Qf5 25. Qc5+ Bc6 26. h6 Qh5 27. Rd1 Qh1+ 28. Ke2 Qxg2 29. Be3 e5 30. Qe7 d4 31. Qe6+ Bd7 32. Qxc4+ Kb8 33. cxd4 Bg4+ 34. Kd2 Bxd1 35. Kxd1 Qg4+ 36. Qe2 Qg1+ 37. Kc2 Qg6+ 38. Qd3 e4 39. Qb5 Rc8+ 40. Kb2 Ka8 41. d5 Qf6+ 42. Kb1 Qc3 43. Qb2 Qe1+ 44. Ka2 Qd1 45. h7 Qxd5+ 46. Ka1 Qd1+ 47. Ka2 Qh5 48. Qd4 Qe2+ 49. Qb2 Qxb2+ 0-1

[Event "SVK-ch rapid"]
[Site "Poprad"]
[Date "2025.05.03"]
[Round "5"]
[White "Solcan, Martin"]
[Black "Mazur, Stefan"]
[Result "0-1"]
[WhiteElo "2216"]
[BlackElo "2357"]
[PlyCount "50"]
[EventDate "2025.05.03"]
[EventType "swiss (rapid)"]
[EventRounds "7"]
[EventCountry "SVK"]
[SourceTitle "CB19_2025"]
[SourceDate "2025.05.07"]
[SourceVersion "1"]
[SourceVersionDate "2025.05.07"]
[SourceQuality "1"]

1. g3 d5 2. Nf3 Nd7 3. d4 Nb6 4. Bg2 Bf5 5. 0-0 h6 6. b3 e6 7. Bb2 Nf6 8. Nbd2 Be7 9. c4 c6 10. Ne5 0-0 11. Re1 Ne4 12. Nxe4 Bxe4 13. Bxe4 dxe4 14. Qc2 f5 15. f3 Nd7 16. Ng6 Rf6 17. Nxe7+ Qxe7 18. fxe4 f4 19. e5 Rf5 20. e4 fxe3 21. Rxe3 Raf8 22. Rae1 Qf7 23. Qd3 Rf2 24. R1e2 Rf1+ 25. Kg2 Rg1+ 0-1

[Event "SVK-ch blitz"]
[Site "Poprad"]
[Date "2025.05.02"]
[Round "13"]
[White "Skreno, Vladimir"]
[Black "Solcan, Martin"]
[Result "0-1"]
[WhiteElo "2014"]
[BlackElo "2110"]
[PlyCount "82"]
[EventDate "2025.05.02"]
[EventType "swiss (blitz)"]
[EventRounds "13"]
[EventCountry "SVK"]
[SourceTitle "CB19_2025"]
[SourceDate "2025.05.07"]
[SourceVersion "1"]
[SourceVersionDate "2025.05.07"]
[SourceQuality "1"]

1. d4 Nf6 2. Bg5 Ne4 3. h4 c5 4. c3 cxd4 5. Qxd4 d5 6. Nd2 Nc6 7. Qa4 Nxg5 8. hxg5 e5 9. e4 dxe4 10. Nxe4 Bf5 11. Rd1 Qb6 12. b3 Be7 13. Nd6+ Bxd6 14. Rxd6 0-0 15. Nf3 Rfd8 16. Rxd8+ Rxd8 17. Be2 Qc5 18. Qc4 Qa3 19. 0-0 Qxa2 20. b4 Qxc4 21. Bxc4 Bd3 22. Bxd3 Rxd3 23. b5 Ne7 24. Nxe5 Rd5 25. Re1 Ng6 26. Nxg6 hxg6 27. c4 Rxg5 28. Re7 b6 29. Rxa7 Rc5 30. Rb7 Rxc4 31. Rxb6 f5 32. Rb7 Rb4 33. b6 Kh7 34. Kh2 g5 35. f3 Kh6 36. Rf7 Kg6 37. Rb7 g4 38. Kg3 gxf3 39. gxf3 Kf6 40. Rb8 Kg5 41. Rb7 f4+ 0-1

[Event "SVK-ch blitz"]
[Site "Poprad"]
[Date "2025.05.02"]
[Round "10"]
[White "Solcan, Martin"]
[Black "Haring, Filip"]
[Result "1-0"]
[WhiteElo "2110"]
[BlackElo "2400"]
[PlyCount "164"]
[EventDate "2025.05.02"]
[EventType "swiss (blitz)"]
[EventRounds "13"]
[EventCountry "SVK"]
[SourceTitle "CB19_2025"]
[SourceDate "2025.05.07"]
[SourceVersion "1"]
[SourceVersionDate "2025.05.07"]
[SourceQuality "1"]

1. e4 e5 2. Nf3 Nc6 3. d4 exd4 4. Nxd4 Bc5 5. Be3 Qf6 6. c3 Nge7 7. Bc4 Ne5 8. Be2 d5 9. f4 Ng4 10. Bxg4 Qh4+ 11. Bf2 Qxg4 12. Qxg4 Bxg4 13. Nd2 0-0-0 14. h3 Bd7 15. 0-0-0 Bb6 16. Rhe1 Rhe8 17. g4 Ng6 18. f5 Nf4 19. Kc2 dxe4 20. Nxe4 Nxh3 21. Bg3 Ba4+ 22. b3 Bxd4 23. cxd4 Bc6 24. d5 Bxd5 25. Rxd5 Rxd5 26. Nd6+ cxd6 27. Rxe8+ Kd7 28. Rf8 Ke7 29. Rb8 Rc5+ 30. Kd3 Rc7 31. Rg8 Kf6 32. Bh4+ Ke5 33. Rxg7 Nf4+ 34. Kd2 Ke4 35. Rxh7 Kf3 36. Rg7 d5 37. Bf6 Ke4 38. Rg8 Rd7 39. Re8+ Kf3 40. Rg8 d4 41. g5 d3 42. g6 fxg6 43. fxg6 Rd6 44. g7 Nh5 45. Rf8 Nxg7 46. Bxg7+ Ke4 47. Re8+ Kd5 48. Kxd3 Rg6 49. Bc3 Rg3+ 50. Kc2 Kc6 51. Re7 Rg2+ 52. Bd2 Rh2 53. Kc3 Rh3+ 54. Kc4 Rh4+ 55. Kd3 Rh3+ 56. Re3 Rh4 57. Bc3 Rg4 58. Bd4 a6 59. a4 Rh4 60. Kc4 b5+ 61. axb5+ axb5+ 62. Kd3 Rg4 63. Re6+ Kc7 64. Rh6 Rg3+ 65. Be3 Rg4 66. Kc3 Rg3 67. Kd4 Kb7 68. Re6 Rg4+ 69. Kc5 b4 70. Bd2 Rg3 71. Kxb4 Kc8 72. Kc4 Kd7 73. Rh6 Rg4+ 74. Kc5 Rg2 75. Bc3 Rg3 76. Kc4 Kc8 77. b4 Kb7 78. b5 Rg4+ 79. Bd4 Rf4 80. Rh7+ Kc8 81. Kc5 Rf5+ 82. Kc6 Rf8 1-0

[Event "SVK-chT1W 2425"]
[Site "Slovakia"]
[Date "2025.02.02"]
[Round "7.4"]
[White "Solcan, Martin"]
[Black "Krupa, Miroslav"]
[Result "1-0"]
[WhiteElo "2245"]
[BlackElo "2146"]
[PlyCount "77"]
[EventDate "2024.11.16"]
[EventType "team-tourn"]
[EventRounds "11"]
[EventCountry "SVK"]
[SourceTitle "CB14_2025"]
[SourceDate "2024.11.01"]
[SourceVersion "1"]
[SourceVersionDate "2024.11.01"]
[SourceQuality "1"]
[WhiteTeam "Levice"]
[BlackTeam "Nitra NSK"]
[WhiteTeamCountry "SVK"]
[BlackTeamCountry "SVK"]

1. e4 c5 2. Nf3 d6 3. d4 cxd4 4. Nxd4 Nf6 5. Nc3 a6 6. Be3 e6 7. f3 b5 8. g4 Bb7 9. a3 Nfd7 10. Qd2 Nb6 11. 0-0-0 N8d7 12. h4 Ne5 13. g5 Rc8 14. Qf2 Rxc3 15. bxc3 Na4 16. Nb3 Qc7 17. Bd4 Nc4 18. Bxc4 bxc4 19. Nd2 e5 20. Ba7 d5 21. Nb1 Qa5 22. exd5 Bd6 23. Qe3 0-0 24. h5 Rd8 25. g6 fxg6 26. hxg6 h6 27. f4 Bxd5 28. fxe5 Be7 29. Rxh6 Nxc3 30. Rh8+ Kxh8 31. Qh3+ Kg8 32. Qh7+ Kf8 33. Qh8+ Bg8 34. Rf1+ Bf6 35. exf6 Ne2+ 36. Kb2 Qb5+ 37. Ka1 Qe5+ 38. c3 gxf6 39. Rxf6+ 1-0

[Event "SVK-chT1W 2425"]
[Site "Slovakia"]
[Date "2024.12.07"]
[Round "3.3"]
[White "Zdrazil, Patrik"]
[Black "Solcan, Martin"]
[Result "1/2-1/2"]
[WhiteElo "2061"]
[BlackElo "2245"]
[PlyCount "86"]
[EventDate "2024.11.16"]
[EventType "team-tourn"]
[EventRounds "11"]
[EventCountry "SVK"]
[SourceTitle "CB14_2025"]
[SourceDate "2024.11.01"]
[SourceVersion "1"]
[SourceVersionDate "2024.11.01"]
[SourceQuality "1"]
[WhiteTeam "Povazske Podhradie"]
[BlackTeam "Levice"]
[WhiteTeamCountry "SVK"]
[BlackTeamCountry "SVK"]

1. Nf3 Nf6 2. g3 g6 3. Bg2 Bg7 4. 0-0 0-0 5. d3 c5 6. Nc3 Nc6 7. a3 Rb8 8. Bf4 d6 9. Qd2 b5 10. Bh6 a5 11. Bxg7 Kxg7 12. Ng5 Nd4 13. e3 Ne6 14. Nxe6+ Bxe6 15. d4 b4 16. Ne4 Nxe4 17. Bxe4 Qb6 18. axb4 cxb4 19. c3 f5 20. Bf3 Bc4 21. Rfc1 b3 22. Be2 Rfc8 23. Bxc4 Rxc4 24. e4 fxe4 25. Qg5 Rc7 26. Qxa5 Qc6 27. d5 Qc5 28. Qxc5 Rxc5 29. Ra7 Kf6 30. Re1 Rxd5 31. Rxe4 Rd2 32. Raxe7 Rxb2 33. h4 h5 34. R4e6+ Kf5 35. Re3 Kg4 36. Kg2 Rxf2+ 37. Kxf2 b2 38. Kg2 b1Q 39. R7e4+ Qxe4+ 40. Rxe4+ Kf5 41. Rf4+ Ke5 42. Rf7 Rc8 43. Re7+ Kf5 1/2-1/2

[Event "Titled Tuesday intern op 26th Nov Late"]
[Site "Chess.com INT"]
[Date "2024.11.26"]
[Round "1"]
[White "Skvortsov, Andrei"]
[Black "Solcan, Martin"]
[Result "1-0"]
[WhiteElo "2350"]
[BlackElo "2275"]
[PlyCount "51"]
[EventDate "2024.11.26"]
[EventType "swiss (blitz)"]
[EventRounds "11"]
[EventCountry "USA"]
[SourceTitle "CB49_2024"]
[SourceDate "2024.12.04"]
[SourceVersion "1"]
[SourceVersionDate "2024.12.04"]
[SourceQuality "1"]

1. e4 c5 2. d4 cxd4 3. Qxd4 Nc6 4. Qd3 g6 5. Nf3 Bg7 6. Be2 d6 7. 0-0 Nf6 8. Nc3 0-0 9. Nd5 Be6 10. c3 Rc8 11. Rd1 a6 12. Bg5 Bxd5 13. exd5 Nb8 14. Qe3 Nbd7 15. Bf1 b5 16. a4 Rb8 17. axb5 axb5 18. Qf4 b4 19. cxb4 Nb6 20. Ra5 Qd7 21. Qh4 Rfc8 22. h3 Rc2 23. b3 Rb2 24. Bb5 Qf5 25. Nd4 Qxd5 26. Bc6 1-0

[Event "Titled Tuesday intern op 03rd Sep Late"]
[Site "Chess.com INT"]
[Date "2024.09.03"]
[Round "8"]
[White "Fareh, Youness"]
[Black "Solcan, Martin"]
[Result "0-1"]
[WhiteElo "2173"]
[BlackElo "2267"]
[PlyCount "98"]
[EventDate "2024.09.03"]
[EventType "swiss (blitz)"]
[EventRounds "11"]
[EventCountry "USA"]
[SourceTitle "EXT 2025"]
[Source "ChessBase"]
[SourceDate "2024.10.14"]
[SourceVersion "1"]
[SourceVersionDate "2024.10.14"]
[SourceQuality "1"]

1. Nf3 c5 2. c4 Nc6 3. g3 g6 4. Bg2 Bg7 5. 0-0 e5 6. Nc3 Nge7 7. d3 h6 8. Rb1 0-0 9. a3 a5 10. Bd2 Kh7 11. Nb5 d6 12. b4 axb4 13. axb4 f5 14. bxc5 dxc5 15. Bc3 g5 16. Qc2 Ng6 17. Qb2 Qe7 18. Nd2 g4 19. Ra1 Bd7 20. Rxa8 Rxa8 21. Nc7 Rb8 22. Nd5 Qg5 23. Nf3 gxf3 24. Bxf3 Nd4 25. Bg2 f4 26. e3 f3 27. exd4 fxg2 28. Kxg2 exd4 29. Bd2 Qf5 30. Qb3 Qh3+ 31. Kg1 Bc6 32. f3 Be5 33. Qb6 Rg8 34. f4 Nh4 35. Rf2 Bd6 36. Nf6+ Kg7 37. Nxg8 Nf3+ 38. Rxf3 Bxf3 39. Qxb7+ Bxb7 40. Kf2 Qg2+ 41. Ke1 Qf3 42. Ne7 Bxe7 43. f5 Qxd3 44. f6+ Bxf6 45. Bxh6+ Kxh6 46. g4 Bf3 47. g5+ Bxg5 48. Kf2 Qe2+ 49. Kg3 Qg2# 0-1

[Event "Titled Tuesday intern op 20th Aug Early"]
[Site "Chess.com INT"]
[Date "2024.08.20"]
[Round "7"]
[White "Przybylski, Wojciech"]
[Black "Solcan, Martin"]
[Result "1-0"]
[WhiteElo "2308"]
[BlackElo "2242"]
[PlyCount "93"]
[EventDate "2024.08.20"]
[EventType "swiss (blitz)"]
[EventRounds "11"]
[EventCountry "USA"]
[SourceTitle "EXT 2025"]
[Source "ChessBase"]
[SourceDate "2024.10.14"]
[SourceVersion "1"]
[SourceVersionDate "2024.10.14"]
[SourceQuality "1"]

1. e4 c5 2. Nf3 g6 3. d4 cxd4 4. Qxd4 Nf6 5. e5 Nc6 6. Qa4 Nd5 7. Qb3 Nb6 8. h4 d5 9. h5 Bg4 10. hxg6 fxg6 11. Bb5 Bg7 12. Bxc6+ bxc6 13. Ng5 h6 14. Qg3 Qd7 15. Nf3 Qf5 16. Nd4 Qe4+ 17. Qe3 Qxg2 18. Rf1 Nc4 19. Qd3 Nxe5 20. Qg3 Qe4+ 21. Be3 Nc4 22. Nc3 Qe5 23. Qxg4 Nxe3 24. fxe3 Qxe3+ 25. Nde2 g5 26. Rf3 Qb6 27. Qh5+ Kd8 28. 0-0-0 Rb8 29. b3 Qa5 30. Qf7 Bxc3 31. Rxc3 Qxa2 32. Qg7 Kd7 33. Qd4 Qa3+ 34. Kd2 Rhf8 35. Qc5 Qxc5 36. Rxc5 g4 37. Rc3 h5 38. Rh1 Rh8 39. Rg3 Rbg8 40. Rg2 h4 41. Ke3 h3 42. Rg3 Rh6 43. c3 Re6+ 44. Kd3 Rf8 45. Rh2 Rf3+ 46. Rxf3 gxf3 47. Ng3 1-0

[Event "Titled Tuesday intern op 20th Aug Early"]
[Site "Chess.com INT"]
[Date "2024.08.20"]
[Round "6"]
[White "Sydykov, Bayastan"]
[Black "Solcan, Martin"]
[Result "1-0"]
[WhiteElo "2282"]
[BlackElo "2242"]
[PlyCount "55"]
[EventDate "2024.08.20"]
[EventType "swiss (blitz)"]
[EventRounds "11"]
[EventCountry "USA"]
[SourceTitle "EXT 2025"]
[Source "ChessBase"]
[SourceDate "2024.10.14"]
[SourceVersion "1"]
[SourceVersionDate "2024.10.14"]
[SourceQuality "1"]

1. d4 Nf6 2. Nf3 g6 3. Bf4 Bg7 4. e3 0-0 5. Be2 d6 6. h3 Nc6 7. 0-0 e5 8. Bh2 Nd7 9. c4 f5 10. Nc3 g5 11. dxe5 dxe5 12. Nd5 h5 13. Nd2 g4 14. hxg4 hxg4 15. e4 Nd4 16. exf5 c6 17. Ne3 Qg5 18. Ne4 Qh4 19. Bxg4 Nf6 20. Nxf6+ Bxf6 21. Bh3 Kh8 22. Qg4 Qh6 23. Qe4 Ne2+ 24. Kh1 Nf4 25. Ng4 Qg5 26. Nxe5 Nxh3 27. Ng6+ Kg7 28. Nxf8 1-0

[Event "Kremnica op"]
[Site "Kremnica"]
[Date "2024.08.17"]
[Round "5"]
[White "Solcan, Martin"]
[Black "Savchuk, Yuriy"]
[Result "1-0"]
[WhiteElo "2242"]
[BlackElo "1888"]
[PlyCount "107"]
[EventDate "2024.08.15"]
[EventType "swiss"]
[EventRounds "7"]
[EventCountry "SVK"]
[SourceTitle "CBM 221 Extra"]
[Source "ChessBase"]
[SourceDate "2024.09.30"]
[SourceVersion "1"]
[SourceVersionDate "2024.09.30"]
[SourceQuality "1"]

1. g3 e5 2. c4 Nf6 3. Bg2 d6 4. Nc3 g6 5. Nf3 Bg7 6. 0-0 0-0 7. d3 Nbd7 8. Rb1 Ng4 9. b4 f5 10. Bg5 Ngf6 11. Qd2 a6 12. a4 a5 13. b5 Ra7 14. Qa2 Kh8 15. Be3 b6 16. Ng5 Qe8 17. Bc6 h6 18. Nf3 g5 19. Kg2 Qh5 20. h4 g4 21. Ng5 Nc5 22. Rh1 Kg8 23. Nd5 Nxd5 24. Bxd5+ Kh8 25. Qd2 Bb7 26. Bxc5 dxc5 27. Ne6 Rf7 28. Bxb7 Rxb7 29. Nd8 Rb8 30. Nxf7+ Qxf7 31. Rhf1 Rd8 32. Rbd1 f4 33. f3 gxf3+ 34. Rxf3 Qg6 35. e4 Bf6 36. Kh2 Rg8 37. Qf2 Qh5 38. Rg1 Rg4 39. Qg2 fxg3+ 40. Rxg3 Rxh4+ 41. Rh3 Bg5 42. Rxh4 Qxh4+ 43. Qh3 Bf4+ 44. Kg2 Qxh3+ 45. Kxh3 Kh7 46. Kh4 Bd2 47. Kh5 Bf4 48. Rg6 Bg5 49. Rxg5 hxg5 50. Kxg5 Kg7 51. Kf5 Kf7 52. Kxe5 Ke7 53. Kd5 Kd7 54. e5 1-0

[Event "Titled Tuesday intern op 02nd Jul Late"]
[Site "Chess.com INT"]
[Date "2024.07.02"]
[Round "11"]
[White "Solcan, Martin"]
[Black "Kaplan, Avi Harrison"]
[Result "1/2-1/2"]
[WhiteElo "2242"]
[BlackElo "2234"]
[PlyCount "151"]
[EventDate "2024.07.02"]
[EventType "swiss (blitz)"]
[EventRounds "11"]
[EventCountry "USA"]
[SourceTitle "EXT 2025"]
[Source "ChessBase"]
[SourceDate "2024.10.14"]
[SourceVersion "1"]
[SourceVersionDate "2024.10.14"]
[SourceQuality "1"]

1. g3 d6 2. Bg2 Nc6 3. Nf3 Bd7 4. 0-0 Qc8 5. d4 g6 6. d5 Ne5 7. Nxe5 dxe5 8. c4 Bh3 9. Nc3 h5 10. f3 h4 11. g4 Bxg2 12. Kxg2 f5 13. h3 Nf6 14. e4 Bg7 15. Be3 Qd7 16. c5 e6 17. Qb3 exd5 18. Nxd5 Nxd5 19. exd5 0-0 20. c6 bxc6 21. dxc6+ Qf7 22. Rfd1 e4 23. fxe4 fxe4 24. Rd7 Qxb3 25. axb3 Bxb2 26. Rxa7 Be5 27. b4 Rxa7 28. Bxa7 Ra8 29. Bd4 Ra2+ 30. Kf1 Bf4 31. b5 e3 32. b6 Rf2+ 33. Ke1 Bg3 34. Bxe3 Rh2+ 35. Kd1 cxb6 36. c7 Bxc7 37. Rxc7 Rxh3 38. Kd2 Rg3 39. g5 h3 40. Rc1 Kf7 41. Kd3 Ke6 42. Ke4 h2 43. Rh1 Rg2 44. Bf4 Re2+ 45. Kf3 Ra2 46. Rxh2 Ra3+ 47. Kg4 b5 48. Rb2 Ra5 49. Bd2 Ra4+ 50. Kf3 Ra3+ 51. Ke2 Kf5 52. Rxb5+ Kg4 53. Rb6 Kh5 54. Rf6 Ra4 55. Be3 Ra3 56. Kf3 Ra4 57. Re6 Ra3 58. Re4 Ra1 59. Kf4 Rf1+ 60. Ke5 Rf5+ 61. Ke6 Ra5 62. Kf6 Rf5+ 63. Kg7 Rf3 64. Re6 Rg3 65. Rxg6 Rxe3 66. Rh6+ Kxg5 67. Rg6+ Kh5 68. Rh6+ Kg5 69. Rg6+ Kf4 70. Rf6+ Kg3 71. Rg6+ Kf2 72. Rf6+ Ke1 73. Kf7 Kd2 74. Rd6+ Kc2 75. Re6 Rf3+ 76. Rf6 1/2-1/2

[Event "Titled Tuesday intern op 25th Jun Late"]
[Site "Chess.com INT"]
[Date "2024.06.25"]
[Round "6"]
[White "Lantini, Marco"]
[Black "Solcan, Martin"]
[Result "1-0"]
[WhiteElo "2005"]
[BlackElo "2238"]
[PlyCount "95"]
[EventDate "2024.06.25"]
[EventType "swiss (blitz)"]
[EventRounds "11"]
[EventCountry "USA"]
[SourceTitle "EXT 2025"]
[Source "ChessBase"]
[SourceDate "2024.10.14"]
[SourceVersion "1"]
[SourceVersionDate "2024.10.14"]
[SourceQuality "1"]

1. e4 c5 2. Nf3 g6 3. c3 d5 4. e5 Nc6 5. d4 Bg4 6. Be2 Bxf3 7. Bxf3 cxd4 8. cxd4 Nh6 9. Na3 Nf5 10. Nc2 h5 11. 0-0 e6 12. a3 h4 13. h3 Bh6 14. Bg4 Bxc1 15. Rxc1 Qg5 16. Bxf5 gxf5 17. Qf3 Rc8 18. Ne3 Ke7 19. Rcd1 Rhg8 20. Rd3 Na5 21. b4 Nc4 22. Rc1 Nxe3 23. Rxc8 Rxc8 24. Qxe3 Rc1+ 25. Kh2 Qxe3 26. fxe3 f6 27. exf6+ Kxf6 28. Rb3 e5 29. dxe5+ Kxe5 30. Rd3 Re1 31. a4 Rb1 32. Rd4 Rb3 33. Rxh4 Rxe3 34. Rh7 Ra3 35. Rxb7 Rxa4 36. h4 a5 37. bxa5 Rxh4+ 38. Kg3 Ra4 39. Rb5 Ke4 40. Kf2 Ra2+ 41. Kf1 d4 42. g3 d3 43. Ke1 Rg2 44. a6 Rxg3 45. a7 Rg8 46. Rb8 Rg1+ 47. Kd2 Rg2+ 48. Kc3 1-0

[Event "Titled Tuesday intern op 25th Jun Late"]
[Site "Chess.com INT"]
[Date "2024.06.25"]
[Round "7"]
[White "Solcan, Martin"]
[Black "Sairam, Pranav"]
[Result "0-1"]
[WhiteElo "2238"]
[BlackElo "1984"]
[PlyCount "22"]
[EventDate "2024.06.25"]
[EventType "swiss (blitz)"]
[EventRounds "11"]
[EventCountry "USA"]
[SourceTitle "EXT 2025"]
[Source "ChessBase"]
[SourceDate "2024.10.14"]
[SourceVersion "1"]
[SourceVersionDate "2024.10.14"]
[SourceQuality "1"]

1. g3 Nf6 2. Bg2 d5 3. Nf3 e6 4. 0-0 Be7 5. d4 0-0 6. c4 dxc4 7. Qc2 a6 8. a4 c5 9. Rd1 Nc6 10. dxc5 Nb4 11. Qxc4 Qxd1+ 0-1

[Event "SVK-ch U2300"]
[Site "Liptovsky Jan"]
[Date "2024.06.18"]
[Round "7"]
[White "Bohati, Tamas"]
[Black "Solcan, Martin"]
[Result "1-0"]
[WhiteElo "2263"]
[BlackElo "2238"]
[PlyCount "91"]
[EventDate "2024.06.15"]
[EventType "swiss"]
[EventRounds "8"]
[EventCountry "SVK"]
[SourceTitle "CBM 220 Extra"]
[Source "ChessBase"]
[SourceDate "2024.07.31"]
[SourceVersion "1"]
[SourceVersionDate "2024.07.31"]
[SourceQuality "1"]

1. e4 c5 2. Nf3 g6 3. c3 d5 4. e5 Nc6 5. d4 Bg4 6. Nbd2 cxd4 7. cxd4 Qa5 8. Qb3 Qb4 9. Qxb4 Nxb4 10. Bb5+ Bd7 11. Bxd7+ Kxd7 12. Ke2 f6 13. Nb3 b6 14. Bd2 Nc6 15. Rac1 Bh6 16. Bxh6 Nxh6 17. Rc3 Rhc8 18. h3 Rd8 19. Re1 Rdc8 20. Kd2 a5 21. a4 Nb4 22. g4 f5 23. g5 Ng8 24. e6+ Kd6 25. Ne5 Rxc3 26. Nf7+ Kc6 27. bxc3 Na6 28. Nc1 Nc7 29. Nd3 Ne8 30. Rb1 Nd6 31. Nf4 Rf8 32. Ne5+ Kb7 33. f3 Nc4+ 34. Nxc4 dxc4 35. d5 Rc8 36. Rb5 Rc5 37. Ke3 Ka6 38. Rxc5 bxc5 39. d6 exd6 40. Nd5 Kb7 41. e7 Nxe7 42. Nxe7 Kc7 43. Nd5+ Kc6 44. Nf6 d5 45. Nxh7 d4+ 46. Kd2 1-0

[Event "SVK-ch U2300"]
[Site "Liptovsky Jan"]
[Date "2024.06.18"]
[Round "8"]
[White "Solcan, Martin"]
[Black "Kopecny, Filip"]
[Result "1-0"]
[WhiteElo "2238"]
[BlackElo "2005"]
[PlyCount "47"]
[EventDate "2024.06.15"]
[EventType "swiss"]
[EventRounds "8"]
[EventCountry "SVK"]
[SourceTitle "CBM 220 Extra"]
[Source "ChessBase"]
[SourceDate "2024.07.31"]
[SourceVersion "1"]
[SourceVersionDate "2024.07.31"]
[SourceQuality "1"]

1. g3 Nf6 2. Bg2 g6 3. c4 c5 4. Nc3 Bg7 5. e4 d6 6. Nge2 Nc6 7. d3 0-0 8. 0-0 a6 9. a4 Bd7 10. h3 Qc8 11. Kh2 Ne8 12. f4 f5 13. exf5 Bxf5 14. g4 Bd7 15. Ng3 Nc7 16. Re1 e5 17. Rf1 exf4 18. Bxf4 Ne5 19. Nge4 Ne8 20. Nd5 Qb8 21. Qd2 Qa7 22. Bh6 Rxf1 23. Rxf1 Qb8 24. Qf4 1-0

[Event "Titled Tuesday intern op 11th Jun Late"]
[Site "Chess.com INT"]
[Date "2024.06.11"]
[Round "5"]
[White "Horak, Martin"]
[Black "Solcan, Martin"]
[Result "1-0"]
[WhiteElo "2333"]
[BlackElo "2238"]
[PlyCount "35"]
[EventDate "2024.06.11"]
[EventType "swiss (blitz)"]
[EventRounds "11"]
[EventCountry "USA"]
[SourceTitle "EXT 2025"]
[Source "ChessBase"]
[SourceDate "2024.10.14"]
[SourceVersion "1"]
[SourceVersionDate "2024.10.14"]
[SourceQuality "1"]

1. e4 c5 2. Nf3 g6 3. c3 d5 4. e5 Bg4 5. d4 Nc6 6. Bb5 Rc8 7. Nbd2 Nh6 8. 0-0 cxd4 9. cxd4 Nf5 10. h3 Bxf3 11. Nxf3 h5 12. e6 f6 13. Bd3 Qd6 14. Bxf5 gxf5 15. Re1 h4 16. a3 Rh5 17. Ne5 Rh8 18. Nf7 1-0

[Event "Titled Tuesday intern op 11th Jun Late"]
[Site "Chess.com INT"]
[Date "2024.06.11"]
[Round "4"]
[White "Hubner, Jessica Trindade"]
[Black "Solcan, Martin"]
[Result "0-1"]
[WhiteElo "1845"]
[BlackElo "2238"]
[PlyCount "142"]
[EventDate "2024.06.11"]
[EventType "swiss (blitz)"]
[EventRounds "11"]
[EventCountry "USA"]
[SourceTitle "EXT 2025"]
[Source "ChessBase"]
[SourceDate "2024.10.14"]
[SourceVersion "1"]
[SourceVersionDate "2024.10.14"]
[SourceQuality "1"]

1. e4 c5 2. c3 d5 3. exd5 Qxd5 4. d4 Nf6 5. Nf3 g6 6. Be3 Bg7 7. Nbd2 cxd4 8. cxd4 0-0 9. Bc4 Qd6 10. 0-0 Nc6 11. Bd3 Bg4 12. h3 Be6 13. Ne4 Nxe4 14. Bxe4 Bd5 15. Bxd5 Qxd5 16. Qe2 Rfd8 17. Rfd1 Rac8 18. Rd2 Na5 19. b3 Rc3 20. Rad1 Rdc8 21. Ne1 Nc6 22. Nf3 Qa5 23. d5 Nb4 24. Bd4 Bxd4 25. Nxd4 Nxd5 26. Nb5 e6 27. Nxc3 Nxc3 28. Qg4 Nxd1 29. Qxd1 Qg5 30. Kh2 Qe5+ 31. g3 Kg7 32. Rd7 Qb2 33. Kg2 Rc2 34. Qf3 Qf6 35. Rxb7 Qxf3+ 36. Kxf3 Rxa2 37. b4 Kf6 38. Ke3 h5 39. g4 h4 40. f3 g5 41. Ke4 Rb2 42. f4 gxf4 43. Kxf4 a5 44. b5 Rb3 45. g5+ Kg6 46. Kg4 Rb4+ 47. Kf3 a4 48. b6 a3 49. Ra7 Rxb6 50. Rxa3 Kxg5 51. Ra5+ f5 52. Ra7 e5 53. Rg7+ Kf6 54. Rh7 Rb3+ 55. Kg2 Kg5 56. Rg7+ Kf4 57. Rh7 Rb2+ 58. Kh1 Kg3 59. Rg7+ Kxh3 60. Kg1 Rb4 61. Kf1 Rg4 62. Rf7 Rf4+ 63. Ke2 e4 64. Ke3 Rf3+ 65. Kd4 Kh2 66. Rg7 h3 67. Ke5 Kh1 68. Rh7 h2 69. Rf7 Rg3 70. Rxf5 Kg1 71. Rh5 h1Q 0-1